How Many...? - Statistics

General Stats
  • This quiz has been taken 37 times
  • The average score is 9 of 15
Answer Stats
Category (Units) Answer % Correct
Rings on the Olympic flag (number) 5
91%
Distance ran in marathon (km/miles) 42/26
85%
Colours on the South African flag (number) 6
85%
Average sleep time* (hours) 7
85%
People on the Moon (number) 12
79%
Teeth as an adult (number) 32
79%
Brains in an octopus (number) 9
74%
Oldest person ever (years) 122
71%
Languages with 100+ million speakers (number) 15
59%
Moon stages/faces (number) 8
59%
Keys on a standard piano (number) 88
59%
Water in the human body* (percentage) 60
53%
Moons of Jupiter (number) 95
24%
Cloud weight* (tonnes) 1000000
9%
Radius of Earth's inner core* (km/miles) 1200/800
9%
No matching quizzes found
Score Distribution
Percent of People with Each Score
Percentile by Number Answered
Your Score History
You have not taken this quiz